000
00279nam a2200121Ia 4500
008
190216s9999||||xx |||||||||||||| ||und||
100
_a
Seth M L
245
0
_a
Macroeconomics
260
_b
Lakshmi Narain Agarwal Pub
_c
1998
300
_a
681p
650
_a
Economics
942
_c
BK
999
_c
10348
_d
10348